[Event "Arco op 45th"]
[Site "Arco"]
[Date "2023.10.10"]
[Round "4"]
[White "Higatsberger, Michael"]
[Black "Schneider, Heiko"]
[Result "0-1"]
[WhiteElo "2034"]
[BlackElo "2158"]
[PlyCount "60"]
[EventDate "2023.10.07"]
[EventType "swiss"]
[EventRounds "9"]
[EventCountry "ITA"]
[SourceTitle "Mega2024 Update 01"]
[Source "Chessbase"]
[SourceDate "2023.11.12"]
[SourceVersion "1"]
[SourceVersionDate "2023.11.12"]
[SourceQuality "1"]

1. e4 c5 2. Nf3 Nc6 3. Bb5 Nf6 4. Bxc6 dxc6 5. d3 Bg4 6. Nbd2 g6 7. h3 Bxf3 8. Nxf3 Bg7 9. 0-0 Nd7 10. a4 0-0 11. a5 b6 12. Ra2 Re8 13. Bd2 b5 14. Qe2 e5 15. Raa1 Nf8 16. b4 cxb4 17. Bxb4 Ne6 18. Rfd1 c5 19. Be1 a6 20. c3 Ra7 21. g3 Rd7 22. Nh4 Nf4 23. gxf4 Qxh4 24. fxe5 Bxe5 25. Qg4 Qxg4+ 26. hxg4 Red8 27. Kf1 Rxd3 28. Rxd3 Rxd3 29. Ke2 c4 30. Rc1 h5 0-1

[Event "Oberliga Ost-B 1011"]
[Site "Germany"]
[Date "2011.02.05"]
[Round "6.4"]
[White "Schneider, Heiko"]
[Black "Mueller, Horst1111"]
[Result "1-0"]
[WhiteElo "2218"]
[BlackElo "2199"]
[PlyCount "79"]
[EventDate "2010.10.24"]
[EventType "team-tourn"]
[EventRounds "11"]
[EventCountry "GER"]
[SourceTitle "EXT 2012"]
[Source "ChessBase"]
[SourceDate "2011.11.24"]
[SourceVersion "1"]
[SourceVersionDate "2011.11.24"]
[SourceQuality "1"]
[WhiteTeam "Moerlenbach"]
[BlackTeam "Offenbach"]
[WhiteTeamCountry "GER"]
[BlackTeamCountry "GER"]

1. e4 c5 2. Nf3 d6 3. d4 cxd4 4. Nxd4 Nf6 5. Nc3 a6 6. Bc4 e6 7. Bb3 Be7 8. Be3 Qc7 9. Qe2 Nc6 10. 0-0-0 Bd7 11. g4 g6 12. g5 Nh5 13. f4 0-0-0 14. f5 Nxd4 15. Rxd4 Kb8 16. Rf1 Rc8 17. Kb1 Qa5 18. fxe6 fxe6 19. Rf7 Qd8 20. Rb4 Ka8 21. Bd5 Rc6 22. Bxc6 Bxc6 23. Rb6 Qd7 24. Rxc6 bxc6 25. Qxa6+ Kb8 26. Qb6+ Kc8 27. a4 Re8 28. a5 Qb7 29. Na4 Qxb6 30. Nxb6+ Kb7 31. e5 Ka6 32. Nc4 dxe5 33. Nxe5 Bd6 34. Ra7+ Kb5 35. c4+ Kb4 36. Rb7+ Ka4 37. Bd2 Bxe5 38. b3+ Ka3 39. Bc1+ Bb2 40. Bxb2# 1-0

[Event "Oberliga Ost-B 1011"]
[Site "Germany"]
[Date "2010.11.14"]
[Round "3.4"]
[White "Legde, Georg"]
[Black "Schneider, Heiko"]
[Result "1-0"]
[WhiteElo "2326"]
[BlackElo "2218"]
[PlyCount "63"]
[EventDate "2010.10.24"]
[EventType "team-tourn"]
[EventRounds "11"]
[EventCountry "GER"]
[SourceTitle "EXT 2012"]
[Source "ChessBase"]
[SourceDate "2011.11.24"]
[SourceVersion "1"]
[SourceVersionDate "2011.11.24"]
[SourceQuality "1"]
[WhiteTeam "Giessen"]
[BlackTeam "Moerlenbach"]
[WhiteTeamCountry "GER"]
[BlackTeamCountry "GER"]

1. c4 Nf6 2. Nc3 e5 3. Nf3 Nc6 4. e3 d5 5. cxd5 Nxd5 6. Bb5 Nxc3 7. bxc3 Bd7 8. d4 e4 9. Bxc6 Bxc6 10. Ne5 Bd5 11. Qa4+ c6 12. c4 Be6 13. d5 Bd6 14. Nxc6 Bd7 15. c5 bxc6 16. dxc6 0-0 17. cxd6 Qf6 18. Rb1 Qc3+ 19. Bd2 Qxc6 20. Qxc6 Bxc6 21. Ba5 Rfe8 22. 0-0 Re5 23. Rfc1 Rxa5 24. Rxc6 Kf8 25. g4 Rxa2 26. Rb7 Rd2 27. Rcc7 Rxd6 28. Rxf7+ Ke8 29. Rxg7 Rg6 30. Rxg6 hxg6 31. Rh7 Rd8 32. Rxa7 1-0

[Event "Oberliga Ost-B 0910"]
[Site "Germany"]
[Date "2010.01.24"]
[Round "7.6"]
[White "Schoebel, Wolfgang"]
[Black "Schneider, Heiko"]
[Result "0-1"]
[WhiteElo "2266"]
[BlackElo "2177"]
[PlyCount "50"]
[EventDate "2009.10.18"]
[EventType "team-tourn"]
[EventRounds "11"]
[EventCountry "GER"]
[SourceTitle "EXT 2011"]
[Source "ChessBase"]
[SourceDate "2010.11.26"]
[SourceVersion "1"]
[SourceVersionDate "2010.11.26"]
[SourceQuality "1"]
[WhiteTeam "Schoeneck"]
[BlackTeam "Moerlenbach"]
[WhiteTeamCountry "GER"]
[BlackTeamCountry "GER"]

1. d4 Nf6 2. c4 g6 3. Nc3 d5 4. cxd5 Nxd5 5. Bd2 Nb6 6. Nf3 Bg7 7. e3 0-0 8. Be2 Nc6 9. 0-0 e5 10. Nxe5 Nxe5 11. dxe5 Bxe5 12. e4 Be6 13. Qc2 Nc4 14. Bc1 c6 15. h3 Qh4 16. Re1 Rad8 17. Nd1 Na3 18. Qa4 Bxh3 19. gxh3 Qxh3 20. Ba6 Bh2+ 21. Kh1 Rxd1 22. Be3 Be5+ 23. Kg1 Qh2+ 24. Kf1 Qh1+ 25. Ke2 Qxe1+ 0-1

[Event "FRA-chT2 0910"]
[Site "France"]
[Date "2009.11.22"]
[Round "4.3"]
[White "Schneider, Heiko"]
[Black "Moldovan, Daniel"]
[Result "0-1"]
[WhiteElo "2177"]
[BlackElo "2437"]
[PlyCount "120"]
[EventDate "2009.09.27"]
[EventType "team-tourn"]
[EventRounds "11"]
[EventCountry "FRA"]
[SourceTitle "EXT 2011"]
[Source "ChessBase"]
[SourceDate "2010.11.26"]
[SourceVersion "1"]
[SourceVersionDate "2010.11.26"]
[SourceQuality "1"]

1. e4 c5 2. Nf3 Nc6 3. d4 cxd4 4. Nxd4 Nf6 5. Nc3 d6 6. Bc4 Bd7 7. 0-0 g6 8. Re1 Bg7 9. Nb3 0-0 10. Bg5 h6 11. Bh4 Ne5 12. Bf1 g5 13. Bg3 Ng6 14. Nd5 Nxd5 15. exd5 Bxb2 16. Rb1 Bg7 17. Nd4 b6 18. Ba6 Qc7 19. Qd3 Qc5 20. Nf5 Bxf5 21. Qxf5 e5 22. Bd3 Qc8 23. Red1 Qxf5 24. Bxf5 Ne7 25. Bd7 Rfd8 26. Ba4 Rac8 27. f3 Rc5 28. Bb3 Nf5 29. Bf2 Nd4 30. Bxd4 exd4 31. a4 Re8 32. Rd3 Re3 33. Rbd1 Rxd3 34. Rxd3 a5 35. Kf2 b5 36. axb5 Rxb5 37. Ke2 Rb4 38. Kd1 Be5 39. g3 Kg7 40. Ba2 a4 41. Kc1 h5 42. Ra3 Kf6 43. Rd3 h4 44. f4 gxf4 45. gxh4 Kg6 46. Kd2 Kh5 47. Rf3 Kg4 48. Ra3 f3 49. h5 Bxh2 50. c3 dxc3+ 51. Kxc3 f2 52. Kxb4 f1Q 53. Rxa4 Kxh5 54. Bc4 Qb1+ 55. Ka5 f5 56. Be2+ Kg5 57. Bc4 Be5 58. Ra3 f4 59. Ka6 Qc1 60. Ra4 f3 0-1

[Event "BL2-Sued 0607"]
[Site "Germany"]
[Date "2007.04.22"]
[Round "9.3"]
[White "Gasthofer, Viktor"]
[Black "Schneider, Heiko"]
[Result "1-0"]
[WhiteElo "2335"]
[BlackElo "2220"]
[PlyCount "89"]
[EventDate "2006.10.15"]
[EventType "team-tourn"]
[EventRounds "9"]
[EventCountry "GER"]
[SourceTitle "EXT 2008"]
[Source "ChessBase"]
[SourceDate "2007.11.25"]
[SourceVersion "1"]
[SourceVersionDate "2007.11.25"]
[SourceQuality "1"]
[WhiteTeam "Bad Mergentheim"]
[BlackTeam "Moerlenbach"]
[WhiteTeamCountry "GER"]
[BlackTeamCountry "GER"]

1. c4 Nf6 2. Nc3 g6 3. e4 d6 4. d4 Bg7 5. f3 0-0 6. Be3 e5 7. d5 a6 8. Qd2 c6 9. dxc6 Nxc6 10. 0-0-0 Qa5 11. Kb1 Be6 12. Nd5 Qxd2 13. Rxd2 Bxd5 14. cxd5 Ne7 15. g4 Rfb8 16. Ne2 b5 17. Bh3 Nc8 18. g5 Ne8 19. Bd7 Ne7 20. Rc2 Rd8 21. Bg4 h6 22. h4 Bf8 23. Nc1 a5 24. Nd3 Rdb8 25. b3 Rb7 26. Rhc1 Kh7 27. b4 a4 28. Bh3 Rab8 29. a3 f5 30. gxf6 Nxf6 31. Be6 Nh5 32. Rg1 Ng7 33. Bh3 Rd8 34. f4 Nh5 35. fxe5 dxe5 36. Nxe5 Bg7 37. Nxg6 Nxg6 38. Bf5 Nf6 39. Rxg6 Kh8 40. Bxh6 Nh5 41. Rcg2 Bd4 42. Bg5 Re8 43. Rh6+ Kg7 44. Rh7+ Kf8 45. Rxb7 1-0

[Event "Zuerich op-A 30th"]
[Site "Zuerich"]
[Date "2006.12.28"]
[Round "4"]
[White "Schneider, Heiko"]
[Black "Fleck, Juergen"]
[Result "0-1"]
[WhiteElo "2223"]
[BlackElo "2429"]
[PlyCount "80"]
[EventDate "2006.12.26"]
[EventType "swiss"]
[EventRounds "7"]
[EventCountry "SUI"]
[SourceTitle "CBM 116 Extra"]
[Source "ChessBase"]
[SourceDate "2007.03.07"]
[SourceVersion "1"]
[SourceVersionDate "2007.03.07"]
[SourceQuality "1"]

1. e4 e5 2. Nf3 Nc6 3. Bc4 Bc5 4. c3 Nf6 5. d4 exd4 6. cxd4 Bb4+ 7. Nc3 Nxe4 8. 0-0 Bxc3 9. d5 Bf6 10. Re1 Ne7 11. Rxe4 d6 12. Bg5 Bxg5 13. Nxg5 h6 14. Qe2 hxg5 15. Re1 Be6 16. dxe6 f6 17. Re3 c6 18. Rh3 Rxh3 19. gxh3 g6 20. Qd2 Kf8 21. h4 gxh4 22. Qh6+ Kg8 23. Bd3 Qa5 24. Re4 Qg5+ 25. Qxg5 fxg5 26. Rg4 Kg7 27. Rxg5 Kf6 28. Rg4 Rh8 29. Kg2 Rh6 30. Rb4 b5 31. a4 a6 32. axb5 axb5 33. Re4 Rh5 34. f4 Rd5 35. Re3 Rd4 36. Kf3 Nd5 37. e7 Rxf4+ 38. Ke2 Nxe7 39. Be4 d5 40. Bf3 Nf5 0-1

[Event "FRA-chT2 East 0607"]
[Site "France"]
[Date "2006.11.26"]
[Round "3.5"]
[White "Schneider, Heiko"]
[Black "Lamoureux, Izabelle"]
[Result "1-0"]
[WhiteElo "2223"]
[BlackElo "2039"]
[PlyCount "75"]
[EventDate "2006.10.15"]
[EventType "team"]
[EventRounds "11"]
[EventCountry "FRA"]
[SourceTitle "EXT 2008"]
[Source "ChessBase"]
[SourceDate "2007.11.25"]
[SourceVersion "1"]
[SourceVersionDate "2007.11.25"]
[SourceQuality "1"]
[WhiteTeam "Mundolsheim"]
[BlackTeam "Montrevel en Bresse"]
[WhiteTeamCountry "FRA"]
[BlackTeamCountry "FRA"]

1. e4 c5 2. Nf3 Nc6 3. d4 cxd4 4. Nxd4 Nf6 5. Nc3 e5 6. Ndb5 d6 7. Bg5 a6 8. Na3 b5 9. Bxf6 gxf6 10. Nd5 Bg7 11. c3 f5 12. exf5 Bxf5 13. Nc2 0-0 14. a4 bxa4 15. Rxa4 a5 16. Nce3 Be6 17. Bb5 Ne7 18. 0-0 f5 19. Nxe7+ Qxe7 20. Bc6 Rab8 21. Bd5 Rxb2 22. Rxa5 e4 23. Qh5 Bxd5 24. Nxd5 Qe5 25. Qg5 Rb7 26. g3 Rfb8 27. Rfa1 Kh8 28. Kg2 Qe6 29. R1a3 Be5 30. Nf4 Qf7 31. Qh6 Qg7 32. Qh4 Rg8 33. Ra8 Rgb8 34. R3a7 d5 35. Rxb8+ Bxb8 36. Qd8+ Qg8 37. Qxg8+ Kxg8 38. Rxb7 1-0

[Event "BL2-Sued 0607"]
[Site "Germany"]
[Date "2006.11.19"]
[Round "3.3"]
[White "Schneider, Heiko"]
[Black "Kuehn, Peter"]
[Result "0-1"]
[WhiteElo "2220"]
[BlackElo "2380"]
[PlyCount "66"]
[EventDate "2006.10.15"]
[EventType "team-tourn"]
[EventRounds "9"]
[EventCountry "GER"]
[SourceTitle "EXT 2008"]
[Source "ChessBase"]
[SourceDate "2007.11.25"]
[SourceVersion "1"]
[SourceVersionDate "2007.11.25"]
[SourceQuality "1"]
[WhiteTeam "Moerlenbach"]
[BlackTeam "Karlsruhe"]
[WhiteTeamCountry "GER"]
[BlackTeamCountry "GER"]

1. e4 c6 2. d4 d5 3. Nc3 dxe4 4. Nxe4 Bf5 5. Ng3 Bg6 6. Bc4 e6 7. Nf3 Nd7 8. 0-0 Ngf6 9. Qe2 Be7 10. Rd1 Qc7 11. Bb3 0-0 12. Nh4 Rfe8 13. c4 c5 14. Nxg6 hxg6 15. d5 exd5 16. cxd5 Bd6 17. Be3 a6 18. a4 Ne5 19. h3 c4 20. Bc2 Rad8 21. Qd2 Nf3+ 22. gxf3 Bxg3 23. Qc3 Nxd5 24. Rxd5 Rxd5 25. Be4 Be5 26. Qb4 a5 27. Qa3 Rd7 28. Rc1 Bd4 29. Kg2 f5 30. Bd3 Bxe3 31. Bxc4+ Kh8 32. fxe3 Rd2+ 33. Kf1 Qh2 0-1

[Event "Oberliga Ost-B 0405"]
[Site "Germany"]
[Date "2005.04.09"]
[Round "10.4"]
[White "Schneider, Heiko"]
[Black "Siebarth, Raiko"]
[Result "1-0"]
[WhiteElo "2215"]
[BlackElo "2134"]
[PlyCount "75"]
[EventDate "2004.10.10"]
[EventType "team-tourn"]
[EventRounds "11"]
[EventCountry "GER"]
[SourceTitle "EXT 2006"]
[Source "ChessBase"]
[SourceDate "2005.11.24"]
[SourceVersion "1"]
[SourceVersionDate "2005.11.24"]
[SourceQuality "1"]
[WhiteTeam "Moerlenbach"]
[BlackTeam "Erfurt SK II"]
[WhiteTeamCountry "GER"]
[BlackTeamCountry "GER"]

1. e4 c5 2. Nf3 d6 3. d4 cxd4 4. Nxd4 Nf6 5. Nc3 a6 6. Bc4 e6 7. Bb3 b5 8. a3 Bb7 9. Qe2 Nbd7 10. f3 Nc5 11. Ba2 Be7 12. Be3 0-0 13. Rd1 Qc7 14. 0-0 Rac8 15. Rd2 Rfd8 16. g4 Nfd7 17. b4 Na4 18. Nxa4 bxa4 19. c4 Ne5 20. Rc2 Nc6 21. Bb1 Bg5 22. Nxc6 Bxe3+ 23. Qxe3 Bxc6 24. Rd1 Qb7 25. Rcd2 Qe7 26. Qf4 e5 27. Qe3 Be8 28. Ba2 Qc7 29. Kg2 Kf8 30. Rd3 f6 31. Qd2 Ke7 32. g5 Bg6 33. gxf6+ gxf6 34. Qh6 Rf8 35. c5 dxc5 36. Qg7+ Bf7 37. Bxf7 Rxf7 38. Rd7+ 1-0

[Event "Hessen-ch MVT"]
[Site "Offenbach"]
[Date "2005.04.01"]
[Round "7"]
[White "Schneider, Heiko"]
[Black "Diehm, Alexander"]
[Result "1/2-1/2"]
[WhiteElo "2215"]
[BlackElo "2081"]
[PlyCount "56"]
[EventDate "2005.03.28"]
[EventType "swiss"]
[EventRounds "9"]
[EventCountry "GER"]
[SourceTitle "EXT 2006"]
[Source "ChessBase"]
[SourceDate "2005.11.24"]
[SourceVersion "1"]
[SourceVersionDate "2005.11.24"]
[SourceQuality "1"]

1. e4 c5 2. Nf3 Nc6 3. d4 cxd4 4. Nxd4 e5 5. Nb5 a6 6. Nd6+ Bxd6 7. Qxd6 Qf6 8. Qd1 Nge7 9. Nc3 Qg6 10. Be3 0-0 11. h4 h5 12. Be2 Nd4 13. Bxd4 exd4 14. Qxd4 d5 15. 0-0-0 dxe4 16. Qxe4 Nf5 17. Kb1 Be6 18. Qf3 Rac8 19. Qxh5 Qxg2 20. Rdg1 Qxf2 21. Bd3 Rxc3 22. bxc3 Qb6+ 23. Kc1 Qe3+ 24. Kb2 Qb6+ 25. Ka1 Qa5 26. c4 Qc3+ 27. Kb1 Rd8 28. Bxf5 Qb4+ 1/2-1/2

[Event "Hessen-ch MVT"]
[Site "Offenbach"]
[Date "2005.03.30"]
[Round "4"]
[White "Feicht, Arno"]
[Black "Schneider, Heiko"]
[Result "1/2-1/2"]
[WhiteElo "2127"]
[BlackElo "2215"]
[PlyCount "109"]
[EventDate "2005.03.28"]
[EventType "swiss"]
[EventRounds "9"]
[EventCountry "GER"]
[SourceTitle "EXT 2006"]
[Source "ChessBase"]
[SourceDate "2005.11.24"]
[SourceVersion "1"]
[SourceVersionDate "2005.11.24"]
[SourceQuality "1"]

1. d4 d5 2. Nc3 c6 3. Bg5 Nd7 4. Qd2 h6 5. Bh4 Ngf6 6. f3 e5 7. dxe5 Nxe5 8. e4 Nxe4 9. fxe4 Qxh4+ 10. g3 Qe7 11. 0-0-0 dxe4 12. Nxe4 Bf5 13. Re1 Qd6 14. Nf3 f6 15. Nxe5 fxe5 16. Qc3 0-0-0 17. Bc4 Qg6 18. Bd3 Rd4 19. Nf2 Bb4 20. Qb3 Qg5+ 21. Kb1 Bxe1 22. Rxe1 Bxd3 23. Qe6+ Kd8 24. Nxd3 Re8 25. Qb3 Re7 26. a3 e4 27. Nf4 Qf6 28. Qc3 Red7 29. Qb3 Ke7 30. c3 R4d6 31. Rxe4+ Kf8 32. Ne6+ Rxe6 33. Rxe6 Qf5+ 34. Ka2 Qf7 35. Re2 Qxb3+ 36. Kxb3 Kf7 37. Kc2 Kf6 38. h3 Kf5 39. Re3 h5 40. b3 g5 41. c4 h4 42. gxh4 gxh4 43. Rf3+ Ke5 44. Rf8 Rg7 45. Rh8 Rg2+ 46. Kc3 Rg3+ 47. Kb4 Rxh3 48. Rh7 a5+ 49. Ka4 b5+ 50. cxb5 cxb5+ 51. Kxa5 Rxb3 52. Rxh4 Kd5 53. a4 bxa4 54. Kxa4 Rb1 55. Rh5+ 1/2-1/2

[Event "Hessen-ch MVT"]
[Site "Offenbach"]
[Date "2005.03.29"]
[Round "2"]
[White "Weiss, Matthias"]
[Black "Schneider, Heiko"]
[Result "1/2-1/2"]
[WhiteElo "2063"]
[BlackElo "2215"]
[PlyCount "71"]
[EventDate "2005.03.28"]
[EventType "swiss"]
[EventRounds "9"]
[EventCountry "GER"]
[SourceTitle "EXT 2006"]
[Source "ChessBase"]
[SourceDate "2005.11.24"]
[SourceVersion "1"]
[SourceVersionDate "2005.11.24"]
[SourceQuality "1"]

1. e4 d5 2. exd5 Nf6 3. d4 Nxd5 4. Be2 g6 5. Nf3 Bg7 6. 0-0 0-0 7. Re1 Re8 8. c3 Nc6 9. Nbd2 Bf5 10. Nc4 Rc8 11. Qb3 Nb6 12. Nxb6 axb6 13. Bg5 h6 14. Bh4 Na5 15. Qa4 Ra8 16. Rad1 c6 17. d5 cxd5 18. Qb5 Be6 19. Nd4 Bxd4 20. Rxd4 Nc6 21. Ra4 Rxa4 22. Qxa4 Qa8 23. Qb5 Qa5 24. a3 Qxb5 25. Bxb5 Kf8 26. f3 Rc8 27. Bf2 Na7 28. Bd3 Rc6 29. a4 Bf5 30. Bb5 Nxb5 31. axb5 Rd6 32. Ra1 Ke8 33. Ra8+ Kd7 34. Bg3 Re6 35. Rb8 Re2 36. Rxb7+ 1/2-1/2

[Event "Oberliga Ost-B 0405"]
[Site "Germany"]
[Date "2005.03.13"]
[Round "9.3"]
[White "Jakel, Wolfgang"]
[Black "Schneider, Heiko"]
[Result "1-0"]
[WhiteElo "2286"]
[BlackElo "2215"]
[PlyCount "69"]
[EventDate "2004.10.10"]
[EventType "team-tourn"]
[EventRounds "11"]
[EventCountry "GER"]
[SourceTitle "EXT 2006"]
[Source "ChessBase"]
[SourceDate "2005.11.24"]
[SourceVersion "1"]
[SourceVersionDate "2005.11.24"]
[SourceQuality "1"]
[WhiteTeam "Offenbach"]
[BlackTeam "Moerlenbach"]
[WhiteTeamCountry "GER"]
[BlackTeamCountry "GER"]

1. e4 c5 2. Nc3 Nc6 3. Nge2 Nd4 4. Nxd4 cxd4 5. Ne2 e5 6. Ng3 Nf6 7. Bc4 Bc5 8. 0-0 0-0 9. d3 d5 10. exd5 Nxd5 11. Re1 f6 12. Qf3 Be6 13. Ne4 Be7 14. c3 Nc7 15. cxd4 Bxc4 16. dxc4 Qxd4 17. Be3 Qd7 18. Nc5 Qc6 19. Qxc6 bxc6 20. Red1 Bxc5 21. Bxc5 Rfb8 22. Rd6 Rxb2 23. Rxc6 Rab8 24. g3 Rb1+ 25. Rxb1 Rxb1+ 26. Kg2 Rb7 27. Kf3 Kf7 28. Ke4 Ne6 29. Be3 Nc7 30. a4 g6 31. a5 a6 32. Rb6 Ra7 33. Rb8 Ra8 34. Rb7 f5+ 35. Kxe5 1-0

[Event "Oberliga Ost-B 0405"]
[Site "Germany"]
[Date "2005.01.30"]
[Round "8.4"]
[White "Schneider, Heiko"]
[Black "Grossmann, Herbert"]
[Result "1-0"]
[WhiteElo "2215"]
[BlackElo "2209"]
[PlyCount "155"]
[EventDate "2004.10.10"]
[EventType "team-tourn"]
[EventRounds "11"]
[EventCountry "GER"]
[SourceTitle "EXT 2006"]
[Source "ChessBase"]
[SourceDate "2005.11.24"]
[SourceVersion "1"]
[SourceVersionDate "2005.11.24"]
[SourceQuality "1"]
[WhiteTeam "Moerlenbach"]
[BlackTeam "Erfurt Medizin"]
[WhiteTeamCountry "GER"]
[BlackTeamCountry "GER"]

1. e4 d6 2. d4 Nf6 3. Nc3 g6 4. f4 Bg7 5. Nf3 c5 6. Bb5+ Bd7 7. e5 Ng4 8. e6 fxe6 9. Ng5 Bxb5 10. Nxb5 Qa5+ 11. Bd2 Qxb5 12. Nxe6 Na6 13. Nxg7+ Kf7 14. Qxg4 Kxg7 15. Bc3 cxd4 16. Bxd4+ e5 17. fxe5 dxe5 18. c4 Qe8 19. Bc3 Rf8 20. 0-0-0 Kg8 21. Qe4 Rf7 22. Rd5 Rf4 23. Qd3 Rc8 24. Rxe5 Qf7 25. Rhe1 Rfxc4 26. Re7 Nc5 27. Qh3 Qf4+ 28. Kb1 Qf5+ 29. Qxf5 gxf5 30. Rg7+ Kf8 31. Rxh7 Ne4 32. Rh8+ Kf7 33. Rxc8 Nxc3+ 34. bxc3 Rxc8 35. Kc2 Kf6 36. h3 Rc7 37. Re2 f4 38. Kd3 Kf5 39. c4 b6 40. Kd4 Rd7+ 41. Kc3 Rd1 42. Re7 Rg1 43. Rf7+ Ke5 44. Re7+ Kf5 45. Re2 Rd1 46. Rc2 Ke4 47. c5 bxc5 48. Kc4 Rd7 49. Re2+ Kf5 50. Kxc5 Rb7 51. Kc6 Rb4 52. Kc5 Rb7 53. a4 Rb1 54. Kd6 Rd1+ 55. Kc6 Rb1 56. Re7 Rb2 57. Rg7 Kf6 58. Rg8 a5 59. g3 fxg3 60. Rxg3 Rb4 61. Rg4 Rb3 62. Rf4+ Ke6 63. Rh4 Rb4 64. Rg4 Rb3 65. Re4+ Kf6 66. h4 Rb4 67. Kd5 Rb1 68. Kc5 Rb2 69. Kd5 Rb1 70. Rc4 Rb2 71. h5 Kg5 72. Rc5 Kxh5 73. Kc6+ Kg6 74. Rxa5 Kf6 75. Rb5 Ra2 76. a5 Ke7 77. Kb7 Kd6 78. a6 1-0

[Event "Oberliga Ost-B 0405"]
[Site "Germany"]
[Date "2004.11.28"]
[Round "4.4"]
[White "Wendel, Stefan"]
[Black "Schneider, Heiko"]
[Result "1/2-1/2"]
[WhiteElo "2208"]
[BlackElo "2215"]
[PlyCount "91"]
[EventDate "2004.10.10"]
[EventType "team-tourn"]
[EventRounds "11"]
[EventCountry "GER"]
[SourceTitle "EXT 2006"]
[Source "ChessBase"]
[SourceDate "2005.11.24"]
[SourceVersion "1"]
[SourceVersionDate "2005.11.24"]
[SourceQuality "1"]
[WhiteTeam "Frankfurt BvK"]
[BlackTeam "Moerlenbach"]
[WhiteTeamCountry "GER"]
[BlackTeamCountry "GER"]

1. e4 c5 2. Nf3 Nc6 3. d4 cxd4 4. Nxd4 Nf6 5. Nc3 e5 6. Ndb5 d6 7. Bg5 a6 8. Na3 b5 9. Nd5 Qa5+ 10. Bd2 Qd8 11. Bg5 Be7 12. Bxf6 Bxf6 13. c3 0-0 14. Nc2 Bg5 15. a4 bxa4 16. Rxa4 Bb7 17. Bc4 a5 18. 0-0 Kh8 19. Qd3 g6 20. Nce3 Bc8 21. b4 f5 22. Bb5 fxe4 23. Qxe4 Bd7 24. Rfa1 Qb8 25. c4 Qb7 26. bxa5 Nd4 27. a6 Qa7 28. Bxd7 Qxd7 29. a7 Qf7 30. R1a2 Nb3 31. R4a3 Nc5 32. Qg4 Bd8 33. h4 Qb7 34. Kh2 Kg7 35. h5 Rf7 36. Nf1 Qb1 37. Nd2 Qe1 38. Nf3 Qb1 39. Ng5 Bxg5 40. Qxg5 Ne6 41. h6+ Kh8 42. Qd2 Rb7 43. Nc3 Qf5 44. Nb5 Nf4 45. Qd1 d5 46. Nd6 1/2-1/2

[Event "Oberliga Ost-B 0405"]
[Site "Germany"]
[Date "2004.11.14"]
[Round "3.5"]
[White "Weise, Martin"]
[Black "Schneider, Heiko"]
[Result "0-1"]
[WhiteElo "2198"]
[BlackElo "2215"]
[PlyCount "80"]
[EventDate "2004.10.10"]
[EventType "team-tourn"]
[EventRounds "11"]
[EventCountry "GER"]
[SourceTitle "EXT 2006"]
[Source "ChessBase"]
[SourceDate "2005.11.24"]
[SourceVersion "1"]
[SourceVersionDate "2005.11.24"]
[SourceQuality "1"]
[WhiteTeam "Hungen Lich"]
[BlackTeam "Moerlenbach"]
[WhiteTeamCountry "GER"]
[BlackTeamCountry "GER"]

1. e4 c5 2. c3 Nf6 3. e5 Nd5 4. d4 cxd4 5. Nf3 Nc6 6. Bc4 Nb6 7. Bb3 d6 8. exd6 Qxd6 9. 0-0 Be6 10. Na3 dxc3 11. Qe2 Bxb3 12. Nb5 Qb8 13. axb3 e5 14. Re1 f6 15. Be3 Nc8 16. bxc3 a6 17. Qa2 Nd6 18. Nxd6+ Qxd6 19. b4 Rd8 20. Bb6 Rd7 21. Qb3 Qd5 22. Qc2 Be7 23. Rad1 Qe6 24. Rxd7 Kxd7 25. b5 axb5 26. Qd3+ Ke8 27. Qxb5 Kf7 28. Nd4 Nxd4 29. cxd4 Rc8 30. dxe5 fxe5 31. Be3 Rc7 32. g3 Bf6 33. Rb1 g6 34. Qa5 Rd7 35. Qa8 Qd5 36. Qc8 b5 37. Rc1 Qb7 38. Qc5 Qd5 39. Qb4 Be7 40. Bc5 Rc7 0-1